• 首页
  • 本馆介绍
  • 公告通知
  • 最新文献
  • 馆藏检索
  • 电子资源
  • 读者导购
  • 参考咨询
  • 我的图书馆
  • 登录
  • 详细信息显示
  • 放入我的书架
  • 预约/预借图书
  • 作者相关作品
  • 分类相关作品
  • 丛书相关作品
  • 出版社相关作品

书目信息

  • 表格格式
  • 工作单格式
  • 卡片格式
题名:
绿色街区规划设计
    
 
作者: 陈天 , 臧鑫宇 著
分册:  
出版信息: 南京   江苏凤凰科学技术出版社  2015.04
页数: 287页
开本: 26cm
丛书名:
单 册:
中图分类: TU985.18
科图分类:
主题词: 绿化规划
电子资源:
ISBN: 978-7-5537-3830-7
000 00590nam0 2200193 450
001 447
005 20160906090434.12
010    @a978-7-5537-3830-7@dCNY168.00
100    @a20160722d2015 km y0chiy0120 ea
101 0  @achi
200 1  @a绿色街区规划设计@Alu se jie qu gui hua she ji@f陈天,臧鑫宇著@Fchen tian,zang xin yu zhu
210    @a南京@c江苏凤凰科学技术出版社@d2015.04
215    @a287页@d26cm
606 0  @a绿化规划
690    @aTU985.18@v4
701  0 @a陈天@Achen tian@4著
701  0 @a臧鑫宇@Azang xin yu@4著
801  0 @aCN@b唐山师范学院图书馆@c20160722
905    @aZUCC@dTU985.18@e757
    
    绿色街区规划设计/陈天,臧鑫宇著.-南京:江苏凤凰科学技术出版社,2015.04
    287页;26cm
    
    
    ISBN 978-7-5537-3830-7:CNY168.00
    
●
相关链接 在E读中查询图书 在五车中查询图书 在当当中查询图书 在豆瓣中查询图书


正题名:绿色街区规划设计     索取号:TU985.18/757         预约/预借

序号 登录号 条形码 馆藏地/架位号 状态 备注
1 901865   209018659   第二样本阅览室/ [索取号:TU985.18/757] 在馆    
2 901866   209018668   第三借阅区/ [索取号:TU985.18/757] 在馆    
3 901867   209018677   第三借阅区/ [索取号:TU985.18/757] 在馆    
唐山师范学院图书馆 欢迎您!
大连网信软件有限公司© 版权所有